Stupid quiz #3 - Statistics

General Stats
  • This quiz has been taken 20 times
  • The average score is 3 of 6
Answer Stats
Hint Answer % Correct
Qqqqqqq Qqqqqqq
80%
4th president of the USA James Madison
65%
Worst Tesla Cybertruck
60%
Xxxxtyu Xxxxtyu
55%
Quiz by Quiz by
40%
Quiz is now done Quiz is now done
40%
No matching quizzes found
Score Distribution
Percent of People with Each Score
Percentile by Number Answered
Your Score History
You have not taken this quiz